| 000 | 01240nabaa22002297a 4500 | ||
|---|---|---|---|
| 999 |
_c6199 _d6199 |
||
| 003 | OSt | ||
| 005 | 20260125200140.0 | ||
| 008 | 190701b xxu||||| |||| 00| 0 spa d | ||
| 040 | _cPJ | ||
| 100 |
_96883 _aMonti, Laura |
||
| 245 | 1 | 0 |
_aModificaciones a la ley 19.549 en cuanto a control judicial / _cLaura M. Monti. |
| 300 | _ap. 3-7 | ||
| 500 | _aCita: TR LALEY AR/DOC/2766/2024 | ||
| 505 | _aSumario: I. Introducción.— II. Título I referido al ámbito de aplicación de la ley y a los principios fundamentales del procedimiento administrativo.— III. Título III: requisitos esenciales del acto administrativo, como acto jurídico de derecho público.— IV. Título IV: regula las vías administrativas impugnatoria de actos particulares y generales, y reclamatoria contra hechos y omisiones. | ||
| 505 | _t¿Te interesa el texto completo? Comunicate al correo: koha@justierradelfuego.gov.ar | ||
| 650 | 0 |
_9211 _aDERECHO ADMINISTRATIVO |
|
| 650 | 0 |
_91135 _aPROCEDIMIENTO ADMINISTRATIVO |
|
| 650 | 0 |
_91171 _aACTO ADMINISTRATIVO |
|
| 650 | 0 |
_aREFORMA DEL ESTADO _93177 |
|
| 773 | 0 |
_02842 _93251 _dBuenos Aires : AbeledoPerrot, 2012- _oDA121 _tDerecho administrativo. Nº 156 noviembre/diciembre 2024 _z18510590 |
|
| 942 |
_2udc _cANA |
||